<?xml version="1.0" encoding="UTF-8"?>
<record
    xmlns:xsi="http://www.w3.org/2001/XMLSchema-instance"
    xsi:schemaLocation="http://www.loc.gov/MARC21/slim http://www.loc.gov/standards/marcxml/schema/MARC21slim.xsd"
    xmlns="http://www.loc.gov/MARC21/slim">

  <leader>00396nam a2200169Ia 4500</leader>
  <controlfield tag="003">OSt</controlfield>
  <controlfield tag="005">20240326103222.0</controlfield>
  <controlfield tag="008">170619s9999    xx            000 0 und d</controlfield>
  <datafield tag="020" ind1=" " ind2=" ">
    <subfield code="a">9788187433941</subfield>
  </datafield>
  <datafield tag="040" ind1=" " ind2=" ">
    <subfield code="c">IIMT ENGINEERING COLLEGE</subfield>
  </datafield>
  <datafield tag="100" ind1=" " ind2=" ">
    <subfield code="a">Ramamurtham S.</subfield>
  </datafield>
  <datafield tag="245" ind1=" " ind2="0">
    <subfield code="a">Strength of Materials</subfield>
  </datafield>
  <datafield tag="260" ind1=" " ind2=" ">
    <subfield code="b">Dhanpat  Rai Pub.</subfield>
  </datafield>
  <datafield tag="260" ind1=" " ind2=" ">
    <subfield code="c">2002</subfield>
  </datafield>
  <datafield tag="546" ind1=" " ind2=" ">
    <subfield code="a">ENGLISH</subfield>
  </datafield>
  <datafield tag="942" ind1=" " ind2=" ">
    <subfield code="2">ddc</subfield>
    <subfield code="c">01</subfield>
  </datafield>
  <datafield tag="999" ind1=" " ind2=" ">
    <subfield code="c">16548</subfield>
    <subfield code="d">16548</subfield>
  </datafield>
  <datafield tag="952" ind1=" " ind2=" ">
    <subfield code="0">0</subfield>
    <subfield code="1">0</subfield>
    <subfield code="2">ddc</subfield>
    <subfield code="4">0</subfield>
    <subfield code="7">0</subfield>
    <subfield code="a">06</subfield>
    <subfield code="b">06</subfield>
    <subfield code="d">2002-04-20</subfield>
    <subfield code="e">29</subfield>
    <subfield code="l">0</subfield>
    <subfield code="p">06-B-3374</subfield>
    <subfield code="r">2017-07-03</subfield>
    <subfield code="w">2017-07-03</subfield>
    <subfield code="y">01</subfield>
  </datafield>
  <datafield tag="952" ind1=" " ind2=" ">
    <subfield code="0">0</subfield>
    <subfield code="1">0</subfield>
    <subfield code="2">ddc</subfield>
    <subfield code="4">0</subfield>
    <subfield code="7">0</subfield>
    <subfield code="a">06</subfield>
    <subfield code="b">06</subfield>
    <subfield code="d">2002-04-20</subfield>
    <subfield code="e">29</subfield>
    <subfield code="l">0</subfield>
    <subfield code="p">06-B-3375</subfield>
    <subfield code="r">2017-07-03</subfield>
    <subfield code="w">2017-07-03</subfield>
    <subfield code="y">01</subfield>
  </datafield>
  <datafield tag="952" ind1=" " ind2=" ">
    <subfield code="0">0</subfield>
    <subfield code="1">0</subfield>
    <subfield code="2">ddc</subfield>
    <subfield code="4">0</subfield>
    <subfield code="7">0</subfield>
    <subfield code="a">06</subfield>
    <subfield code="b">06</subfield>
    <subfield code="d">2002-04-20</subfield>
    <subfield code="e">29</subfield>
    <subfield code="l">0</subfield>
    <subfield code="p">06-B-3376</subfield>
    <subfield code="r">2017-07-03</subfield>
    <subfield code="w">2017-07-03</subfield>
    <subfield code="y">01</subfield>
  </datafield>
  <datafield tag="952" ind1=" " ind2=" ">
    <subfield code="0">0</subfield>
    <subfield code="1">0</subfield>
    <subfield code="2">ddc</subfield>
    <subfield code="4">0</subfield>
    <subfield code="7">0</subfield>
    <subfield code="a">06</subfield>
    <subfield code="b">06</subfield>
    <subfield code="d">2002-04-20</subfield>
    <subfield code="e">29</subfield>
    <subfield code="l">0</subfield>
    <subfield code="p">06-B-3377</subfield>
    <subfield code="r">2017-07-03</subfield>
    <subfield code="w">2017-07-03</subfield>
    <subfield code="y">01</subfield>
  </datafield>
  <datafield tag="952" ind1=" " ind2=" ">
    <subfield code="0">0</subfield>
    <subfield code="1">0</subfield>
    <subfield code="2">ddc</subfield>
    <subfield code="4">0</subfield>
    <subfield code="7">0</subfield>
    <subfield code="a">06</subfield>
    <subfield code="b">06</subfield>
    <subfield code="d">2002-04-20</subfield>
    <subfield code="e">29</subfield>
    <subfield code="l">0</subfield>
    <subfield code="p">06-B-3378</subfield>
    <subfield code="r">2017-07-03</subfield>
    <subfield code="w">2017-07-03</subfield>
    <subfield code="y">01</subfield>
  </datafield>
  <datafield tag="952" ind1=" " ind2=" ">
    <subfield code="0">0</subfield>
    <subfield code="1">0</subfield>
    <subfield code="2">ddc</subfield>
    <subfield code="4">0</subfield>
    <subfield code="7">0</subfield>
    <subfield code="a">06</subfield>
    <subfield code="b">06</subfield>
    <subfield code="d">2002-04-20</subfield>
    <subfield code="e">29</subfield>
    <subfield code="l">0</subfield>
    <subfield code="p">06-B-3379</subfield>
    <subfield code="r">2017-07-03</subfield>
    <subfield code="w">2017-07-03</subfield>
    <subfield code="y">01</subfield>
  </datafield>
  <datafield tag="952" ind1=" " ind2=" ">
    <subfield code="0">0</subfield>
    <subfield code="1">0</subfield>
    <subfield code="2">ddc</subfield>
    <subfield code="4">0</subfield>
    <subfield code="7">0</subfield>
    <subfield code="a">06</subfield>
    <subfield code="b">06</subfield>
    <subfield code="d">2002-04-20</subfield>
    <subfield code="e">29</subfield>
    <subfield code="l">0</subfield>
    <subfield code="p">06-B-3380</subfield>
    <subfield code="r">2017-07-03</subfield>
    <subfield code="w">2017-07-03</subfield>
    <subfield code="y">01</subfield>
  </datafield>
  <datafield tag="952" ind1=" " ind2=" ">
    <subfield code="0">0</subfield>
    <subfield code="1">0</subfield>
    <subfield code="2">ddc</subfield>
    <subfield code="4">0</subfield>
    <subfield code="7">0</subfield>
    <subfield code="a">06</subfield>
    <subfield code="b">06</subfield>
    <subfield code="d">2002-04-20</subfield>
    <subfield code="e">29</subfield>
    <subfield code="l">0</subfield>
    <subfield code="p">06-B-3381</subfield>
    <subfield code="r">2017-07-03</subfield>
    <subfield code="w">2017-07-03</subfield>
    <subfield code="y">01</subfield>
  </datafield>
  <datafield tag="952" ind1=" " ind2=" ">
    <subfield code="0">0</subfield>
    <subfield code="1">0</subfield>
    <subfield code="2">ddc</subfield>
    <subfield code="4">0</subfield>
    <subfield code="7">0</subfield>
    <subfield code="a">06</subfield>
    <subfield code="b">06</subfield>
    <subfield code="d">2002-08-16</subfield>
    <subfield code="e">29</subfield>
    <subfield code="l">0</subfield>
    <subfield code="p">06-B-3485</subfield>
    <subfield code="r">2017-07-03</subfield>
    <subfield code="w">2017-07-03</subfield>
    <subfield code="y">01</subfield>
  </datafield>
  <datafield tag="952" ind1=" " ind2=" ">
    <subfield code="0">0</subfield>
    <subfield code="1">0</subfield>
    <subfield code="2">ddc</subfield>
    <subfield code="4">0</subfield>
    <subfield code="7">0</subfield>
    <subfield code="a">06</subfield>
    <subfield code="b">06</subfield>
    <subfield code="d">2008-08-09</subfield>
    <subfield code="e">26</subfield>
    <subfield code="l">0</subfield>
    <subfield code="p">06-B-21402</subfield>
    <subfield code="r">2017-07-03</subfield>
    <subfield code="w">2017-07-03</subfield>
    <subfield code="y">01</subfield>
  </datafield>
  <datafield tag="952" ind1=" " ind2=" ">
    <subfield code="0">0</subfield>
    <subfield code="1">0</subfield>
    <subfield code="2">ddc</subfield>
    <subfield code="4">0</subfield>
    <subfield code="7">0</subfield>
    <subfield code="a">06</subfield>
    <subfield code="b">06</subfield>
    <subfield code="d">2008-09-08</subfield>
    <subfield code="e">26</subfield>
    <subfield code="l">2</subfield>
    <subfield code="p">06-B-21403</subfield>
    <subfield code="r">2024-08-28</subfield>
    <subfield code="s">2024-05-17</subfield>
    <subfield code="w">2017-07-03</subfield>
    <subfield code="y">02</subfield>
  </datafield>
  <datafield tag="952" ind1=" " ind2=" ">
    <subfield code="0">0</subfield>
    <subfield code="1">0</subfield>
    <subfield code="2">ddc</subfield>
    <subfield code="4">0</subfield>
    <subfield code="7">0</subfield>
    <subfield code="a">06</subfield>
    <subfield code="b">06</subfield>
    <subfield code="d">2008-09-08</subfield>
    <subfield code="e">26</subfield>
    <subfield code="l">0</subfield>
    <subfield code="p">06-B-21404</subfield>
    <subfield code="r">2017-07-03</subfield>
    <subfield code="w">2017-07-03</subfield>
    <subfield code="y">01</subfield>
  </datafield>
  <datafield tag="952" ind1=" " ind2=" ">
    <subfield code="0">0</subfield>
    <subfield code="1">0</subfield>
    <subfield code="2">ddc</subfield>
    <subfield code="4">0</subfield>
    <subfield code="7">0</subfield>
    <subfield code="a">06</subfield>
    <subfield code="b">06</subfield>
    <subfield code="d">2008-09-08</subfield>
    <subfield code="e">26</subfield>
    <subfield code="l">2</subfield>
    <subfield code="p">06-B-21405</subfield>
    <subfield code="r">2020-12-11</subfield>
    <subfield code="s">2020-12-11</subfield>
    <subfield code="w">2017-07-03</subfield>
    <subfield code="y">01</subfield>
  </datafield>
  <datafield tag="952" ind1=" " ind2=" ">
    <subfield code="0">0</subfield>
    <subfield code="1">0</subfield>
    <subfield code="2">ddc</subfield>
    <subfield code="4">0</subfield>
    <subfield code="7">0</subfield>
    <subfield code="a">06</subfield>
    <subfield code="b">06</subfield>
    <subfield code="d">2008-09-08</subfield>
    <subfield code="e">26</subfield>
    <subfield code="l">0</subfield>
    <subfield code="p">06-B-21406</subfield>
    <subfield code="r">2017-07-03</subfield>
    <subfield code="w">2017-07-03</subfield>
    <subfield code="y">01</subfield>
  </datafield>
  <datafield tag="952" ind1=" " ind2=" ">
    <subfield code="0">0</subfield>
    <subfield code="1">0</subfield>
    <subfield code="2">ddc</subfield>
    <subfield code="4">0</subfield>
    <subfield code="7">0</subfield>
    <subfield code="a">06</subfield>
    <subfield code="b">06</subfield>
    <subfield code="d">2008-09-08</subfield>
    <subfield code="e">26</subfield>
    <subfield code="l">0</subfield>
    <subfield code="p">06-B-21407</subfield>
    <subfield code="r">2020-08-11</subfield>
    <subfield code="w">2017-07-03</subfield>
    <subfield code="y">01</subfield>
  </datafield>
  <datafield tag="952" ind1=" " ind2=" ">
    <subfield code="0">0</subfield>
    <subfield code="1">0</subfield>
    <subfield code="2">ddc</subfield>
    <subfield code="4">0</subfield>
    <subfield code="7">0</subfield>
    <subfield code="a">06</subfield>
    <subfield code="b">06</subfield>
    <subfield code="d">2008-09-08</subfield>
    <subfield code="e">26</subfield>
    <subfield code="l">0</subfield>
    <subfield code="p">06-B-21408</subfield>
    <subfield code="r">2017-07-03</subfield>
    <subfield code="w">2017-07-03</subfield>
    <subfield code="y">01</subfield>
  </datafield>
  <datafield tag="952" ind1=" " ind2=" ">
    <subfield code="0">0</subfield>
    <subfield code="1">0</subfield>
    <subfield code="2">ddc</subfield>
    <subfield code="4">0</subfield>
    <subfield code="7">0</subfield>
    <subfield code="a">06</subfield>
    <subfield code="b">06</subfield>
    <subfield code="d">2008-09-08</subfield>
    <subfield code="e">26</subfield>
    <subfield code="l">0</subfield>
    <subfield code="p">06-B-21409</subfield>
    <subfield code="r">2017-07-03</subfield>
    <subfield code="w">2017-07-03</subfield>
    <subfield code="y">01</subfield>
  </datafield>
  <datafield tag="952" ind1=" " ind2=" ">
    <subfield code="0">0</subfield>
    <subfield code="1">0</subfield>
    <subfield code="2">ddc</subfield>
    <subfield code="4">0</subfield>
    <subfield code="7">0</subfield>
    <subfield code="a">06</subfield>
    <subfield code="b">06</subfield>
    <subfield code="d">2008-09-08</subfield>
    <subfield code="e">26</subfield>
    <subfield code="l">0</subfield>
    <subfield code="p">06-B-21410</subfield>
    <subfield code="r">2017-07-03</subfield>
    <subfield code="w">2017-07-03</subfield>
    <subfield code="y">01</subfield>
  </datafield>
  <datafield tag="952" ind1=" " ind2=" ">
    <subfield code="0">0</subfield>
    <subfield code="1">0</subfield>
    <subfield code="2">ddc</subfield>
    <subfield code="4">0</subfield>
    <subfield code="7">0</subfield>
    <subfield code="a">06</subfield>
    <subfield code="b">06</subfield>
    <subfield code="d">2008-09-08</subfield>
    <subfield code="e">26</subfield>
    <subfield code="l">0</subfield>
    <subfield code="p">06-B-21411</subfield>
    <subfield code="r">2017-07-03</subfield>
    <subfield code="w">2017-07-03</subfield>
    <subfield code="y">01</subfield>
  </datafield>
</record>
